| 000 | 00766nam a2200193Ia 4500 | ||
|---|---|---|---|
| 008 | 151121s9999||||xx |||||||||||||| ||und|| | ||
| 082 | _a838/ नैमिश | ||
| 082 | _bHNW-70594 | ||
| 100 | _aनैमिशराय मोहनदास | ||
| 245 | _aबाबा साहेब और उनके संस्मरण | ||
| 260 | _b"संगीता प्रकाशन, दिल्ली।" | ||
| 260 | _c-- | ||
| 300 | _a64 | ||
| 600 | _aनैमिशराय मोहनदास | ||
| 630 | _aबाबा साहेब और उनके संस्मरण | ||
| 700 | _aनैमिशराय मोहनदास | ||
| 730 | _aबाबा साहेब और उनके संस्मरण | ||
| 942 | _cBOOK | ||
| 999 |
_c1252068 _d1252065 |
||